[Event "28th CRO-chT 1A-Men 2019"]
[Site "Mali Losinj"]
[Date "2019.10.02"]
[Round "5.1"]
[White "Indjic, Aleksandar"]
[Black "Inarkiev, Ernesto"]
[Result "1-0"]
[WhiteElo "2638"]
[BlackElo "2693"]
[Annotator "TA"]
[PlyCount "63"]
[EventDate "2019.09.28"]
[EventType "team-tourn"]
[EventCountry "CRO"]
[SourceTitle "playchess.com"]
[Source "ChessBase"]
[SourceQuality "1"]

{[%evp 11,111,0,0,0,0,-8,4,8,3,6,27,29,61,63,53,47,74,59,50,64,208,220,234,218,212,239,401,409,406,388,395,407,391,410,401,404,500,503,486,472,780,779,810,791,695,493,490,497,568,515,500,515,503,511,493,465,531,525,525,433,625,574,580,580,631,625,842,842,941,954,908,920,979,931,1819,1753,1342,689,992,982,965,951,1370,1370,2710,2318,2906,2547,3099,1183,29963,29958,29959,29956,12844,12821,29972,29973,29971,29969,29965,29958]} 1. c4 Nf6 2. Nc3 e5 3. Nf3 Nc6 4. e3 Bb4 5. Qc2 Bxc3 6. bxc3 O-O 7. d3 {A28: English Opening: Four Knights Variation} d6 8. Be2 Qe7 (8... Ne8 9. O-O f5 10. Ne1 Nf6 11. c5 d5 12. d4 e4 13. c4 Be6 14. Rb1 Rb8 {0-1 (56) Le,Q (2708)-Aronian,L (2758) Khanty-Mansiysk 2019}) 9. e4 {The position is equal.} Nh5 10. g3 Nd8 $146 ({Predecessor:} 10... f5 11. exf5 Bxf5 12. Nh4 Qf7 13. Nxf5 Qxf5 14. Be3 Nf6 {1-0 (31) Gajewski,G (2630)-Arvola,B (2458) Fornebu 2017}) 11. Nh4 Nf4 12. gxf4 {And now Nf5 would win.} Qxh4 13. f5 $1 g6 14. Be3 f6 15. Rg1 $36 {[%mdl 2048] Black is under pressure.} Kf7 {[#]} (15... Kh8 $1 $14) 16. Rg4 $1 $18 {[%cal Rg4h4]} Qxh2 17. O-O-O {aiming for Rgg1.} gxf5 18. Rgg1 {Hoping for Rh1.} Rg8 $2 (18... f4 {was necessary.}) 19. Rh1 Qg2 {[#] next ...f4 is good for Black.} 20. f4 $1 ({Not} 20. Rxh7+ Rg7 $14) 20... exf4 21. Rdg1 Qxh1 22. Rxh1 fxe3 23. Rxh7+ Kg6 24. Rxc7 Rh8 {If only Black now had time for ...f4....} 25. d4 Nf7 (25... f4 $142 26. Bf3 Bh3 27. e5+ f5) 26. Bd3 {[%cal Re4f5]} Rh1+ 27. Kb2 Rh5 28. Qa4 Be6 29. Re7 ({Much less strong is} 29. exf5+ Bxf5 30. Qd7 Rf8 $18) 29... Ng5 30. exf5+ Bxf5 31. Bxf5+ Kxf5 32. Rxe3 {Played: Qa4-d7} 1-0

[Event "28th CRO-chT 1A-Men 2019"]
[Site "Mali Losinj"]
[Date "2019.10.02"]
[Round "5.2"]
[White "Dreev, Aleksey"]
[Black "Sertic, Rudolf"]
[Result "1-0"]
[WhiteElo "2662"]
[BlackElo "2371"]
[Annotator "TA"]
[PlyCount "65"]
[EventDate "2019.09.28"]
[EventType "team-tourn"]
[EventCountry "CRO"]
[SourceTitle "playchess.com"]
[Source "ChessBase"]
[SourceQuality "1"]

{[%evp 15,65,8,16,9,18,11,30,16,29,32,66,25,66,39,43,11,34,27,31,33,29,31,30,0,0,11,89,97,163,162,165,156,168,162,185,197,312,303,298,306,667,654,718,719,780,773,850,838,1022,1018,965,940]} 1. d4 d5 2. Nf3 e6 3. Bf4 Nf6 4. e3 c5 5. c3 Nc6 6. Nbd2 Be7 7. h3 O-O 8. Bd3 b6 {[%cal Bb7b6,Bb6b5,Bb5b4,Bb4b3][%mdl 32]} 9. O-O {D02: 1 d4 d5 2 Nf3 sidelines, including 2...Nf6 3 g3 and 2...Nf6 3 Bf4} a5 (9... Bb7 10. Qe2 Bd6 11. Bxd6 Qxd6 12. dxc5 bxc5 13. e4 Nd7 14. exd5 exd5 15. Rfe1 Nf6 16. Nf1 d4 17. Ng3 Rae8 18. Qd2 Ne5 19. Nxe5 Rxe5 20. Rxe5 Qxe5 {½-½ (62) Potkin,V (2646)-Kurnosov,I (2676) Moscow 2010}) 10. Qe2 c4 11. Bc2 {White has an edge.} b5 $146 ({Predecessor:} 11... a4 12. b3 cxb3 13. axb3 Ba6 14. Bd3 Bxd3 15. Qxd3 axb3 16. Nxb3 Qd7 {½-½ (26) Maitre,F (2346)-Mirkowski,P (2356) ICCF email 2016}) 12. e4 Nd7 13. Rfe1 Ra7 14. h4 Nb6 15. h5 b4 16. Ne5 Nxe5 17. Bxe5 f6 18. Bg3 $36 {[%mdl 2048] White is pushing.} a4 19. a3 b3 20. Bd1 e5 (20... g5 $11) 21. exd5 $16 exd4 (21... Qxd5 $16 {was called for.} 22. dxe5 fxe5) 22. Nxc4 $18 {Black must now prevent d6.} Nxd5 23. cxd4 f5 {[#]} 24. Ne5 $1 {[%cal Re5c6] Nc6 is the strong threat.} f4 25. Bh2 {Hoping for Nc6.} Rc7 (25... Bb7 $142 26. Qd3 Bh4) 26. Qb5 Bh4 {White should prevent ...Bxf2+!} 27. Bf3 Ne3 $2 {[#]} (27... Nb6 28. Qxb6 Bxf2+ 29. Kh1 Rc2 30. Qxd8 Rxd8) 28. fxe3 {White is clearly winning.} Bxe1 29. Rxe1 Be6 30. d5 Bf5 31. Qxa4 Qh4 32. Rf1 Re7 33. Qxf4 {Accuracy: White = 60%, Black = 35%.} 1-0

[Event "28th CRO-chT 1A-Men 2019"]
[Site "Mali Losinj"]
[Date "2019.10.02"]
[Round "5.3"]
[White "Biti, Ozren"]
[Black "Lalic, Bogdan"]
[Result "1/2-1/2"]
[WhiteElo "2366"]
[BlackElo "2419"]
[Annotator "NA"]
[PlyCount "29"]
[EventDate "2019.09.28"]
[EventType "team-tourn"]
[EventCountry "CRO"]
[SourceTitle "playchess.com"]
[Source "ChessBase"]
[SourceQuality "1"]
[TimeControl "40/5400+30:1800+30"]

1. e4 {[%emt 0:00:30]} e5 {[%emt 0:01:30]} 2. Nf3 {[%emt 0:00:00]} Nc6 {[%emt 0:00:00]} 3. Nc3 {[%emt 0:01:00]} Nf6 {[%emt 0:00:00]} 4. d4 {[%emt 0:00:30]} exd4 {[%emt 0:00:30]} 5. Nxd4 {[%emt 0:00:00]} Bb4 {[%emt 0:00:00]} 6. Nxc6 {[%emt 0:00:00]} bxc6 {[%emt 0:00:00]} 7. Bd3 {[%emt 0:00:30]} d5 {[%emt 0:00:30]} 8. exd5 {[%emt 0:00:30]} cxd5 {[%emt 0:00:00]} 9. O-O {[%emt 0:00:30]} O-O {[%emt 0:00:00]} 10. Bg5 {[%emt 0:00:30]} c6 {[%emt 0:00:30]} 11. Qf3 {[%emt 0:00:30]} h6 {[%emt 0:00:00]} 12. Bxf6 {[%emt 0:00:00]} Qxf6 {[%emt 0:00:00]} 13. Qxf6 {[%emt 0:00:00]} gxf6 {[%emt 0:00:30]} 14. Ne2 {[%emt 0:00:30]} Bd6 {[%emt 0:00:00]} 15. Ng3 {[%emt 0:02:30]} 1/2-1/2

[Event "28th CRO-chT 1A-Men 2019"]
[Site "Mali Losinj"]
[Date "2019.10.02"]
[Round "5.4"]
[White "Loncar, Robert"]
[Black "Ascic, Pero"]
[Result "0-1"]
[WhiteElo "2406"]
[BlackElo "2318"]
[Annotator "NA"]
[PlyCount "140"]
[EventDate "2019.09.28"]
[EventType "team-tourn"]
[EventCountry "CRO"]
[SourceTitle "playchess.com"]
[Source "ChessBase"]
[SourceQuality "1"]
[TimeControl "40/5400+30:1800+30"]

1. d4 {[%emt 0:15:30]} d5 {[%emt 0:00:30]} 2. c4 {[%emt 0:00:00]} e6 {[%emt 0:01:30]} 3. Nf3 {[%emt 0:00:00]} Be7 {[%emt 0:01:30]} 4. Nc3 {[%emt 0:02:30]} Nf6 {[%emt 0:01:30]} 5. Bf4 {[%emt 0:00:30]} a6 {[%emt 0:15:30]} 6. c5 {[%emt 0:07:30]} O-O {[%emt 0:03:30]} 7. e3 {[%emt 0:00:30]} b6 {[%emt 0:12:30]} 8. cxb6 {[%emt 0:05:30]} cxb6 {[%emt 0:00:30]} 9. Bd3 {[%emt 0:01:30]} Bb7 {[%emt 0:11:30]} 10. O-O {[%emt 0:15:30]} Nc6 {[%emt 0:08:30]} 11. Rc1 {[%emt 0:11:30]} b5 {[%emt 0:18:30]} 12. h3 {[%emt 0:11:30]} Rc8 {[%emt 0:03:41]} 13. Bb1 {[%emt 0:02:30]} Re8 {[%emt 0:04:25]} 14. Qe2 {[%emt 0:03:37]} Qb6 {[%emt 0:02:21]} 15. Rfd1 {[%emt 0:06:28]} Red8 {[%emt 0:02:38]} 16. Bg5 {[%emt 0:02:14]} h6 {[%emt 0:00:21]} 17. Bh4 {[%emt 0:00:29]} Nd7 {[%emt 0:02:12]} 18. Bg3 {[%emt 0:03:32]} Nf6 {[%emt 0:00:17]} 19. a3 {[%emt 0:01:35]} Na5 {[%emt 0:00:48]} 20. Bh4 {[%emt 0:01:02]} Nb3 {[%emt 0:01:36]} 21. Rc2 {[%emt 0:00:13]} Na1 {[%emt 0:00:20]} 22. Rcd2 {[%emt 0:00:54]} Nb3 {[%emt 0:00:13]} 23. Rd3 {[%emt 0:00:06]} Na5 {[%emt 0:02:57]} 24. Ne5 {[%emt 0:00:16]} Qd6 {[%emt 0:01:09]} 25. Bg3 {[%emt 0:03:50]} Qb6 {[%emt 0:00:11]} 26. Bh4 {[%emt 0:00:59]} Qd6 {[%emt 0:00:07]} 27. Bxf6 {[%emt 0:00:13]} Bxf6 {[%emt 0:00:11]} 28. f4 {[%emt 0:00:20]} Nc4 {[%emt 0:01:53]} 29. Rf1 {[%emt 0:01:49]} Qe7 {[%emt 0:00:09]} 30. g4 {[%emt 0:01:33]} Nd6 {[%emt 0:00:11]} 31. Rd2 {[%emt 0:00:25]} Rc7 {[%emt 0:02:08]} 32. Qf3 {[%emt 0:00:40]} a5 {[%emt 0:00:11]} 33. Rg2 {[%emt 0:00:12]} b4 {[%emt 0:00:50]} 34. axb4 {[%emt 0:00:02]} axb4 {[%emt 0:00:09]} 35. Na4 {[%emt 0:00:04]} Ne4 {[%emt 0:00:17]} 36. Qe2 {[%emt 0:00:45]} Ra8 {[%emt 0:00:21]} 37. Bxe4 {[%emt 0:00:38]} dxe4 {[%emt 0:00:37]} 38. Nc5 {[%emt 0:00:08]} Rxc5 {[%emt 0:00:31]} 39. dxc5 {[%emt 0:00:07]} Bxe5 {[%emt 0:00:01]} 40. fxe5 {[%emt 0:00:49]} Ba6 {[%emt 0:00:00]} 41. Ra1 {[%emt 0:09:00]} Bxe2 {[%emt 0:01:15]} 42. Rxa8+ {[%emt 0:00:00]} Kh7 {[%emt 0:00:00]} 43. Rxe2 {[%emt 0:00:00]} Qxc5 {[%emt 0:00:00]} 44. Kg2 {[%emt 0:02:30]} Qxe5 {[%emt 0:00:30]} 45. Ra7 {[%emt 0:03:32]} Kg6 {[%emt 0:04:30]} 46. Rf2 {[%emt 0:01:47]} f6 {[%emt 0:00:30]} 47. Rd7 {[%emt 0:07:53]} h5 {[%emt 0:07:30]} 48. gxh5+ {[%emt 0:01:41]} Qxh5 {[%emt 0:00:30]} 49. Kh2 {[%emt 0:00:32]} Qe5+ {[%emt 0:00:30]} 50. Kh1 {[%emt 0:00:09]} Kh6 {[%emt 0:04:13]} 51. Rg2 {[%emt 0:02:18]} f5 {[%emt 0:00:47]} 52. Rb7 {[%emt 0:00:36]} g5 {[%emt 0:05:43]} 53. Rxb4 {[%emt 0:00:02]} Qc5 {[%emt 0:00:18]} 54. Rb8 {[%emt 0:01:17]} Qc1+ {[%emt 0:00:30]} 55. Rg1 {[%emt 0:00:01]} Qxe3 {[%emt 0:00:15]} 56. Rg2 {[%emt 0:01:08]} Kg6 {[%emt 0:01:10]} 57. b4 {[%emt 0:01:27]} Qxh3+ {[%emt 0:00:07]} 58. Kg1 {[%emt 0:00:06]} Qe3+ {[%emt 0:00:17]} 59. Kh1 {[%emt 0:00:26]} g4 {[%emt 0:00:27]} 60. Rg8+ {[%emt 0:02:44]} Kf7 {[%emt 0:00:17]} 61. Rh8 {[%emt 0:00:34]} Qe1+ {[%emt 0:00:29]} 62. Kh2 {[%emt 0:00:22]} Qxb4 {[%emt 0:00:13]} 63. Rh7+ {[%emt 0:01:20]} Kf6 {[%emt 0:00:18]} 64. Rc2 {[%emt 0:01:17]} e3 {[%emt 0:00:16]} 65. Kg3 {[%emt 0:00:17]} Qd6+ {[%emt 0:01:03]} 66. Kh4 {[%emt 0:00:03]} Qd3 {[%emt 0:00:39]} 67. Rc5 {[%emt 0:00:15]} Qd6 {[%emt 0:01:27]} 68. Rc2 {[%emt 0:03:36]} Qd1 {[%emt 0:00:14]} 69. Rcc7 {[%emt 0:01:24]} e2 {[%emt 0:01:30]} 70. Rhf7+ {[%emt 0:00:19]} Ke5 {[%emt 0:00:09]} 0-1

[Event "28th CRO-chT 1A-Men 2019"]
[Site "Mali Losinj"]
[Date "2019.10.02"]
[Round "5.5"]
[White "Filipovic, Marko"]
[Black "Sale, Srdjan"]
[Result "0-1"]
[WhiteElo "2349"]
[BlackElo "2412"]
[Annotator "NA RC"]
[PlyCount "88"]
[EventDate "2019.09.28"]
[EventType "team-tourn"]
[EventCountry "CRO"]
[SourceTitle "playchess.com"]
[Source "ChessBase"]
[SourceQuality "1"]
[TimeControl "40/5400+30:1800+30"]

1. d4 {[%emt 0:00:30]} Nf6 {[%emt 0:03:30]} 2. Nf3 {[%emt 0:00:00]} c5 {[%emt 0:00:30]} 3. g3 {[%emt 0:00:00]} cxd4 {[%emt 0:01:30]} 4. Nxd4 {[%emt 0:00:30]} e5 {[%emt 0:03:30]} 5. Nf3 {[%emt 0:07:30]} Nc6 {[%emt 0:01:30]} 6. Bg2 {[%emt 0:02:30]} d5 {[%emt 0:00:30]} 7. O-O {[%emt 0:02:30]} Be7 {[%emt 0:04:30]} 8. c4 {[%emt 0:01:30]} d4 {[%emt 0:01:30]} 9. b4 {[%emt 0:07:30]} Qc7 {[%emt 0:01:30]} 10. Qa4 {[%emt 0:13:30]} Nd7 {[%emt 0:09:30]} 11. c5 {[%emt 0:12:30]} a5 {[%emt 0:07:30]} 12. a3 {[%emt 0:04:30]} Qb8 {[%emt 0:03:30]} 13. b5 {[%emt 0:02:30]} Nxc5 {[%emt 0:00:30]} 14. Qc2 {[%emt 0:03:30]} Nd8 {[%emt 0:01:30]} 15. Nbd2 {[%emt 0:05:30]} Be6 {[%emt 0:02:30]} 16. Nc4 {[%emt 0:05:30]} Nd7 {[%emt 0:05:30]} 17. Ng5 {[%emt 0:04:30]} Bxg5 {[%emt 0:09:30]} 18. Bxg5 {[%emt 0:00:30]} Qc7 {[%emt 0:16:30]} 19. Rac1 {[%emt 0:04:30]} O-O {[%emt 0:03:30]} 20. Be7 {[%emt 0:03:02]} Re8 {[%emt 0:01:30]} 21. Bd6 {[%emt 0:00:14]} Qxc4 {[%emt 0:00:30]} 22. Qxc4 {[%emt 0:00:07]} Bxc4 {[%emt 0:00:30]} 23. Rxc4 {[%emt 0:00:02]} Nb6 {[%emt 0:00:38]} 24. Rcc1 {[%emt 0:07:35]} Na4 {[%emt 0:01:39]} 25. Rfe1 {[%emt 0:06:29]} Nc3 {[%emt 0:06:01]} 26. b6 {[%emt 0:00:49]} e4 {[%emt 0:01:40]} 27. Bh3 {[%emt 0:03:38]} Ne6 {[%emt 0:01:18]} 28. Bc7 {[%emt 0:01:19]} g6 {[%emt 0:05:12]} 29. e3 {[%emt 0:00:35]} Ng5 {[%emt 0:00:11]} 30. Bg2 {[%emt 0:00:56]} Nf3+ {[%emt 0:00:16]} 31. Bxf3 {[%emt 0:00:23]} exf3 {[%emt 0:00:04]} 32. Kf1 {[%emt 0:00:31]} Ne2 {[%emt 0:00:37]} 33. Rcd1 {[%emt 0:00:22]} dxe3 {[%emt 0:00:14]} 34. Rd3 {[%emt 0:00:14]} Re4 {[%emt 0:03:49]} 35. fxe3 {[%emt 0:00:36]} g5 {[%emt 0:00:24]} 36. Kf2 {[%emt 0:00:47]} g4 {[%emt 0:00:06]} 37. Red1 {[%emt 0:00:27]} f6 {[%emt 0:02:07]} 38. Rd7 {[%emt 0:00:49]} Rae8 {[%emt 0:00:35]} 39. R7d3 {[%emt 0:00:29]} Kf7 {[%emt 0:00:00]} 40. h3 {[%emt 0:00:00]} h5 {[%emt 0:00:00]} 41. Bd8 {[%emt 0:12:17]} Kg6 {[%emt 0:07:39]} 42. Rd6 {[%emt 0:09:49]} R8e6 {[%emt 0:07:33]} 43. hxg4 {[%emt 0:01:50]} hxg4 {[%emt 0:00:27]} 44. R1d3 {[%emt 0:01:23]} Rxe3 {[%emt 0:06:25]} 0-1

[Event "28th CRO-chT 1A-Men 2019"]
[Site "Mali Losinj"]
[Date "2019.10.02"]
[Round "5.6"]
[White "Medak, Bojan"]
[Black "Vargic, Drago"]
[Result "1-0"]
[WhiteElo "2351"]
[BlackElo "2273"]
[Annotator "TA"]
[PlyCount "73"]
[EventDate "2019.09.28"]
[EventType "team-tourn"]
[EventCountry "CRO"]
[SourceTitle "playchess.com"]
[Source "ChessBase"]
[SourceQuality "1"]

{[%evp 19,73,13,38,24,35,32,34,32,47,47,77,65,117,105,119,103,103,105,119,120,169,174,168,115,103,87,216,193,202,162,237,187,194,181,269,257,270,252,374,373,377,284,294,318,315,313,342,350,432,431,379,335,520,491,29978,29979]} 1. c4 e6 2. Nf3 c5 3. Nc3 Nf6 4. g3 d5 5. d4 dxc4 6. Qa4+ Bd7 7. Qxc4 cxd4 8. Nxd4 Nc6 9. Bg2 Rc8 10. O-O Be7 11. Rd1 {E04: Open Catalan: 5 Nf3} Na5 12. Qd3 O-O 13. Ndb5 {White is slightly better.} a6 14. Nd6 Rb8 $146 ({Predecessor:} 14... Bxd6 15. Qxd6 Nc4 16. Qd4 e5 17. Qh4 Qb6 18. Rxd7 Nxd7 {1-0 (32) Zhang,Z (2634)-Wang,T (2296) China 2016}) 15. Bf4 Nc6 (15... Bc6 $14) 16. Nde4 {[#] Black must now prevent Nxf6+.} e5 17. Nxf6+ Bxf6 18. Qxd7 exf4 19. Qf5 $36 {[%mdl 2048] White is really pushing.} ({Of course not} 19. Bxc6 $6 bxc6 20. Qxc6 Qc8 $11) 19... Nd4 20. Qxf4 {[#] And now e3 would win.} Qb6 21. Rd2 ({White should play} 21. Nd5 $18 Nxe2+ {[%mdl 64] Double Attack} 22. Kf1 Nxf4 23. Nxb6 Nxg2 24. Nd7 (24. Kxg2 Rfe8 $14)) 21... Ne6 $16 22. Nd5 Qa5 (22... Qxb2 $16 23. Rxb2 Bxb2 24. Ne7+ Kh8 25. Qxb8 Rxb8) 23. Nxf6+ gxf6 24. Qe3 Rfe8 (24... Rfd8 $142 25. Rxd8+ Rxd8 26. Bxb7 Qb5) 25. Rd5 Qb4 26. Qd2 Qc4 (26... Qxd2 {might work better.} 27. Rxd2 Kf8) 27. b3 $18 Qc7 28. Rc1 Qb6 (28... Qe7 {is a better defense.} 29. Qh6 Qf8 30. Qxf6 Qg7 31. Qxg7+ Kxg7) 29. Rc4 Rbd8 30. h4 Rxd5 31. Qxd5 Rd8 32. Qf5 ({Less strong is} 32. Qxb7 Rd1+ 33. Kh2 Qxf2 $18) 32... Nd4 33. Qg4+ Kf8 34. e3 Ne6 35. Qf3 Qa5 (35... Ke7 {was called for.} 36. Bh3 Qd6) 36. Qxf6 Qd2 (36... Qxa2 $18 37. Kh2 Qxb3) 37. Bh3 {Accuracy: White = 79%, Black = 37%.} 1-0

[Event "28th CRO-chT 1A-Men 2019"]
[Site "Mali Losinj"]
[Date "2019.10.02"]
[Round "5.7"]
[White "Grachev, Boris"]
[Black "Georgiev, Kiril"]
[Result "1/2-1/2"]
[WhiteElo "2621"]
[BlackElo "2577"]
[Annotator "ChessBase"]
[PlyCount "45"]
[EventDate "2019.09.28"]
[EventType "team-tourn"]
[EventCountry "CRO"]
[SourceTitle "playchess.com"]
[Source "ChessBase"]
[SourceQuality "1"]
[TimeControl "40/5400+30:1800+30"]

1. Nf3 {[%emt 0:00:30]} Nf6 {[%emt 0:00:30]} 2. c4 {[%emt 0:00:00]} e6 {[%emt 0:00:30]} 3. Nc3 {[%emt 0:00:00]} d5 {[%emt 0:00:30]} 4. d4 {[%emt 0:00:30]} Be7 {[%emt 0:02:30]} 5. g3 {[%emt 0:01:30]} O-O {[%emt 0:00:30]} 6. Bg2 {[%emt 0:00:30]} c6 {[%emt 0:04:30]} 7. O-O {[%emt 0:04:30]} Nbd7 {[%emt 0:03:30]} 8. b3 {[%emt 0:06:30]} b6 {[%emt 0:00:30]} 9. Bb2 {[%emt 0:02:30]} Bb7 {[%emt 0:05:30]} 10. Qd3 {[%emt 0:10:30]} c5 {[%emt 0:05:30]} 11. cxd5 {[%emt 0:01:30]} Nxd5 {[%emt 0:01:30]} 12. Nxd5 {[%emt 0:00:30]} Bxd5 {[%emt 0:00:30]} 13. e4 {[%emt 0:13:30]} Bb7 {[%emt 0:00:30]} 14. Rfd1 {[%emt 0:03:30]} cxd4 {[%emt 0:06:30]} 15. Nxd4 {[%emt 0:04:30]} Nf6 {[%emt 0:01:30]} 16. Qe2 {[%emt 0:02:30]} Qe8 {[%emt 0:03:30]} 17. Nb5 {[%emt 0:05:30]} Ba6 {[%emt 0:03:30]} 18. a4 {[%emt 0:00:30]} Rd8 {[%emt 0:00:00]} 19. h3 {[%emt 0:04:30]} Rxd1+ {[%emt 0:04:00]} 20. Rxd1 {[%emt 0:00:30]} Qc8 {[%emt 0:00:30]} 21. Rc1 {[%emt 0:08:30]} Qd7 {[%emt 0:01:30]} 22. Rd1 {[%emt 0:00:30]} Qc8 {[%emt 0:00:30]} 23. Rc1 {[%emt 0:11:21]} 1/2-1/2

[Event "28th CRO-chT 1A-Men 2019"]
[Site "Mali Losinj"]
[Date "2019.10.02"]
[Round "5.8"]
[White "Shchekachev, Andrei"]
[Black "Bosiocic, Marin"]
[Result "1/2-1/2"]
[WhiteElo "2524"]
[BlackElo "2619"]
[Annotator "TA"]
[PlyCount "40"]
[EventDate "2019.09.28"]
[EventType "team-tourn"]
[EventCountry "CRO"]
[SourceTitle "playchess.com"]
[Source "ChessBase"]
[SourceQuality "1"]

{[%evp 19,21,0,0,0]} 1. Nf3 d5 2. d4 Nf6 3. c4 e6 4. Nc3 Bb4 5. Bg5 h6 6. Bxf6 Qxf6 7. Qb3 c5 8. cxd5 exd5 9. a3 Bxc3+ 10. Qxc3 Nd7 11. e3 {D38: Queen's Gambit Declined: Ragozin Defence (4 Nf3 Bb4)} {Predecessor:} O-O $146 12. Be2 b6 13. O-O Bb7 14. Rfc1 Rfc8 15. dxc5 Qxc3 16. Rxc3 Rxc5 17. Rcc1 Rac8 18. Rcb1 Nf8 19. Nd4 Ne6 20. Bg4 Re8 {½-½ (29) Salem,A (2656)-Hou,Y (2651) Sharjah 2017} 1/2-1/2

[Event "28th CRO-chT 1A-Men 2019"]
[Site "Mali Losinj"]
[Date "2019.10.02"]
[Round "5.9"]
[White "Popov, Ivan"]
[Black "Muse, Drazen"]
[Result "1-0"]
[WhiteElo "2611"]
[BlackElo "2357"]
[Annotator "TA"]
[PlyCount "113"]
[EventDate "2019.09.28"]
[EventType "team-tourn"]
[EventCountry "CRO"]
[SourceTitle "playchess.com"]
[Source "ChessBase"]
[SourceQuality "1"]

{[%evp 9,113,38,63,57,56,57,64,70,75,42,38,40,84,66,109,108,106,97,108,107,115,112,97,38,80,67,64,42,43,35,36,0,8,-57,0,0,0,-9,0,0,13,0,77,79,96,0,20,26,41,60,56,56,160,161,164,170,158,165,157,144,156,138,229,216,229,234,253,231,232,230,377,319,366,350,383,362,458,394,447,458,425,303,681,674,611,620,561,306,397,388,466,420,400,526,503,489,479,506,487,480,489,480,468,453,655,652]} 1. e4 Nc6 2. d4 d5 3. e5 Bf5 4. c3 Qd7 5. f4 f6 6. Nf3 {B00: Queen's Fianchetto Defence, Nimzowitsch Defence} Nh6 7. Be2 (7. Be3 e6 8. Nbd2 Be7 9. Be2 O-O 10. h3 fxe5 11. fxe5 Bg6 12. O-O Nf5 {1-0 (41) Bocharov,D (2560)-Schneider,I (2481) Berlin 2015}) 7... e6 8. O-O {White is slightly better.} Be7 9. Kh1 O-O $146 ({Predecessor:} 9... Bg6 10. Be3 Nf5 11. Bf2 fxe5 12. fxe5 {0-1 (43) Horn,S (2081)-Pakhomov,A (2439) Tabor 2009}) 10. Be3 Na5 11. Nbd2 b6 12. h3 Bg6 13. g4 f5 14. g5 Nf7 15. b4 Nb7 16. Ne1 (16. Nh4 $16) 16... c5 17. dxc5 bxc5 18. Nb3 {[%cal Rb4c5]} cxb4 19. cxb4 Bxb4 20. Nc2 Bc3 21. Rb1 (21. Rc1 $11) 21... Rfc8 22. Ncd4 Nfd8 23. Ba6 Bf7 24. Qe2 Bb4 25. Kh2 Rc7 {[#]} (25... Be8 $11) 26. Nb5 $1 $16 {[%cal Rb5c7]} Rc4 27. N5d4 ({White should try} 27. Nxa7 $16 Re4 28. Bd3) 27... Rc7 $11 28. Rfc1 Rxc1 29. Rxc1 Na5 30. Nc5 $36 {[%mdl 2048] White is pushing.} Qe7 {[#]} ({Better is} 30... Bxc5 $14 31. Rxc5 Nac6) 31. Qb5 $1 $16 {[%cal Rb5b4]} Bxc5 32. Qxc5 ({But not} 32. Rxc5 $6 Nc4 $16) 32... Qxc5 33. Rxc5 Nc4 34. Bxc4 dxc4 35. Rxc4 a6 (35... Be8 $16 36. Rc7 Rb8) 36. Bd2 h6 37. gxh6 gxh6 38. Ba5 Rb8 39. Kg3 Kf8 (39... Kg7 {was necessary.} 40. Kf3 Kg6) 40. Bc7 $18 Ra8 41. Bd6+ Kg7 42. Rc7 Kg6 43. Be7 Rb8 44. Bf6 Rb4 45. Nf3 ({Weaker is} 45. Bxd8 Rxd4 46. Be7 Rd3+ 47. Kg2 a5 $11) 45... Nb7 $2 (45... Rb8 46. Rd7 Be8 47. Rxd8 Rxd8) 46. Nh4+ Kh5 47. Rxf7 Nc5 48. Ng2 Ne4+ 49. Kh2 Rb2 50. Re7 Nc5 51. Rh7 Kg6 {White is clearly winning.} 52. Rc7 Nd3 {Now ...Nxf4 and Black clings on.} 53. Kg3 Kh5 54. Rc3 Nf2 {...Ne4+ is the strong threat.} 55. Ra3 Ne4+ 56. Kh2 Nc5 (56... Nxf6 $142 57. exf6 Kg6 58. Rxa6 Kxf6) 57. Be7 {Accuracy: White = 73%, Black = 44%.} 1-0

[Event "28th CRO-chT 1A-Men 2019"]
[Site "Mali Losinj"]
[Date "2019.10.02"]
[Round "5.10"]
[White "Zovko, Mario"]
[Black "Tica, Sven"]
[Result "1-0"]
[WhiteElo "2324"]
[BlackElo "2418"]
[Annotator "NA"]
[PlyCount "47"]
[EventDate "2019.09.28"]
[EventType "team-tourn"]
[EventCountry "CRO"]
[SourceTitle "playchess.com"]
[Source "ChessBase"]
[SourceQuality "1"]
[TimeControl "40/5400+30:1800+30"]

1. e4 {[%emt 0:05:30]} c6 {[%emt 0:00:30]} 2. d4 {[%emt 0:00:30]} d5 {[%emt 0:00:00]} 3. e5 {[%emt 0:00:30]} Bf5 {[%emt 0:00:00]} 4. Nd2 {[%emt 0:00:00]} e6 {[%emt 0:00:30]} 5. Nb3 {[%emt 0:00:00]} Nd7 {[%emt 0:00:30]} 6. Nf3 {[%emt 0:01:30]} h6 {[%emt 0:00:30]} 7. Be2 {[%emt 0:02:30]} Ne7 {[%emt 0:00:30]} 8. O-O {[%emt 0:00:00]} Bh7 {[%emt 0:04:30]} 9. a4 {[%emt 0:05:00]} Nf5 {[%emt 0:11:30]} 10. c3 {[%emt 0:08:30]} g5 {[%emt 0:16:30]} 11. a5 {[%emt 0:04:30]} Qc7 {[%emt 0:09:30]} 12. Bd2 {[%emt 0:04:30]} Bg7 {[%emt 0:06:30]} 13. Ne1 {[%emt 0:03:30]} O-O-O {[%emt 0:04:30]} 14. Nd3 {[%emt 0:08:30]} f6 {[%emt 0:02:30]} 15. Nbc5 {[%emt 0:02:30]} Nxc5 {[%emt 0:02:30]} 16. Nxc5 {[%emt 0:01:30]} Rde8 {[%emt 0:00:30]} 17. exf6 {[%emt 0:03:30]} Bxf6 {[%emt 0:00:30]} 18. Bd3 {[%emt 0:05:30]} e5 {[%emt 0:06:30]} 19. Bxf5+ {[%emt 0:04:30]} Bxf5 {[%emt 0:00:00]} 20. Qf3 {[%emt 0:00:30]} Bc2 {[%emt 0:11:00]} 21. Rfc1 {[%emt 0:14:30]} Qh7 {[%emt 0:06:31]} 22. Qxf6 {[%emt 0:00:30]} Rhf8 {[%emt 0:00:06]} 23. Qd6 {[%emt 0:00:30]} Qf5 {[%emt 0:00:22]} 24. a6 {[%emt 0:01:30]} 1-0